|
|
|
|
| LEADER |
01640nam a2200265 i 4500 |
| 003 |
GR-PaULI |
| 005 |
20250311111952.0 |
| 008 |
181218s2011 gr |||g |||| 00| 0 gre d |
| 020 |
|
|
|a 9789603224419
|
| 040 |
|
|
|a GR-PaULI
|b gre
|c GR-PaULI
|e AACR2
|
| 041 |
1 |
|
|a gre
|h fre
|
| 082 |
0 |
4 |
|2 23
|a 791.430 1
|
| 245 |
0 |
0 |
|a Από τη λογοτεχνία στον κινηματογράφο :
|b πρακτικά ημερίδας = De la litterature au cinema : actes de la journee d'Etude /
|c επιμέλεια Φ. Ταμπάκη-Ιωνά, Μ.Ε. Γαλάνη.
|
| 260 |
|
|
|a Αθήνα :
|b Αιγόκερως,
|c 2011.
|
| 300 |
|
|
|a 175 σ. ;
|c 25 εκ.
|
| 490 |
1 |
|
|a Κινηματογράφος / Αιγόκερως
|
| 500 |
|
|
|a Η ημερίδα πραγματοποιήθηκε στις 18 Δεκεμβρίου 2010.
|
| 650 |
|
4 |
|a Κινηματογράφος και λογοτεχνία
|v Συνέδρια.
|9 208785
|
| 710 |
2 |
|
|9 172898
|a Εθνικό Καποδιστριακό Πανεπιστήμιο Αθηνών
|e Φιλοσοφική Σχολή
|e Τμήμα Γαλλικής Γλώσσας και Φιλολογίας.
|
| 830 |
|
0 |
|a Κινηματογράφος (Αιγόκερως)
|9 158260
|
| 942 |
|
|
|2 ddc
|c BK
|
| 952 |
|
|
|0 0
|1 0
|2 ddc
|4 0
|6 791_430000000000000_1_ΤΑΜ
|7 0
|9 228581
|a THST
|b THST
|d 2018-12-18
|i 012298
|l 1
|o 791.430 1 ΤΑΜ
|p 025000255793
|r 2019-12-05 00:00:00
|s 2019-11-19
|t 1
|v 2018.00
|w 2018-12-18
|y BK15
|
| 952 |
|
|
|0 0
|1 0
|2 ddc
|4 0
|6 791_430000000000000_1_ΑΠΟ
|7 0
|9 388288
|a LISP
|b LISP
|c BSC
|d 2025-03-06
|i 370451
|l 0
|o 791.430 1 ΑΠΟ
|p 025000314663
|r 2025-03-06 13:11:21
|t 2
|w 2025-03-06
|y BK15
|
| 998 |
|
|
|c ΜΑΝΙΑ
|d 2018-12
|
| 999 |
|
|
|c 137836
|d 137836
|